Discursos leídos ante la Real Academia de Nobles Artes de San Fernando, en la recepción pública de Don Domingo Martínez. (Record no. 153521)

MARC details
000 -LEADER
campo de control de longitud fija 00939nam a22002175i 4500
001 - NÚMERO DE CONTROL
campo de control 153521
003 - IDENTIFICADOR DE NÚMERO DE CONTROL
campo de control ES-MaACL
005 - FECHA Y HORA DE LA ÚLTIMA TRANSACCIÓN
campo de control 20250822004354.0
008 - DATOS DE LONGITUD FIJA--INFORMACIÓN GENERAL
campo de control de longitud fija 991201s1859 sp |||| | spa d
100 1# - ENTRADA PRINCIPAL--NOMBRE DE PERSONA
Nombre de persona Martínez Aparici, Domingo,
Fechas asociadas al nombre 1822-1898
9 (RLIN) 77862
245 10 - MENCIÓN DEL TÍTULO
Título Discursos leídos ante la Real Academia de Nobles Artes de San Fernando, en la recepción pública de Don Domingo Martínez.
260 ## - PUBLICACIÓN, DISTRIBUCIÓN, ETC.
Lugar de publicación, distribución, etc. Madrid :
Nombre del editor, distribuidor, etc. [s.n.],
Fecha de publicación, distribución, etc. 1859 (
Fabricante Imp. de Beltrán y Viñas)
300 ## - DESCRIPCIÓN FÍSICA
Extensión 65 p. ;
Dimensiones 26 cm.
594 ## - Nota al título y mención de responsabilidad
Nota al título y mención de responsabilidad Tema del discurso: Historia del arte del grabado.
594 ## - Nota al título y mención de responsabilidad
Nota al título y mención de responsabilidad Contestación de D. Joaquín Francisco Pacheco.
650 04 - PUNTO DE ACCESO ADICIONAL DE MATERIA--TÉRMINO DE MATERIA
Término de materia o nombre geográfico como elemento de entrada Grabado-
Subdivisión de forma Historia
9 (RLIN) 13140
700 1# - ENTRADA AGREGADA--NOMBRE PERSONAL
Nombre de persona Pacheco, Joaquín Francisco,
Fechas asociadas al nombre 1808-1865
9 (RLIN) 88121
710 2# - ENTRADA AGREGADA--NOMBRE DE ENTIDAD CORPORATIVA
Nombre de entidad corporativa o nombre de jurisdicción como elemento de entrada Real Academia de Nobles Artes de San Fernando.
9 (RLIN) 6332
852 ## - LOCALIZACIÓN
Ubicación ES-MaACL
Número de control de estantería F-M-III-N (I)
Nota libre - Enc. pasta española
-- - Enc. en un vol. facticio
Holdings
Estatus retirado Estado de pérdida Estado de daño No para préstamo Colección Biblioteca de origen Biblioteca actual Ubicación en estantería Fecha de adquisición Fuente de adquisición Total de préstamos Signatura topográfica completa Código de barras Visto por última vez Precio de reemplazo Tipo de ítem Koha
        Libros del s. XIX Biblioteca del Ateneo de Madrid Biblioteca del Ateneo de Madrid Administración 17/01/2008     F-M-III-N (I) 1160470 23/02/2023 23/02/2023 Libro impreso antiguo